Managing human resources : (Record no. 37592)
[ view plain ]
| 000 -LEADER | |
|---|---|
| fixed length control field | 00873nam a22002417a 4500 |
| 005 - DATE AND TIME OF LATEST TRANSACTION | |
| control field | 20100724152824.0 |
| 010 ## - LCCN (DPL NO) | |
| LC control number | ENG-96638 |
| 020 ## - INTERNATIONAL STANDARD BOOK NUMBER | |
| International Standard Book Number | 9780070700734 |
| Terms of availability | 485.00 |
| 020 ## - INTERNATIONAL STANDARD BOOK NUMBER | |
| International Standard Book Number | 0070700737 |
| Terms of availability | 485.00 |
| 035 ## - SYSTEM CONTROL NUMBER | |
| System control number | EN-80171 |
| 037 ## - SOURCE OF ACQUISITION | |
| Source of stock number/acquisition | DBAD/PUB |
| 082 ## - DEWEY DECIMAL CLASSIFICATION NUMBER | |
| Classification number | 658.3 |
| 100 ## - MAIN ENTRY--PERSONAL NAME | |
| Personal name | Cascio, Wayne F. |
| 245 ## - TITLE STATEMENT | |
| Title | Managing human resources : |
| Remainder of title | productivity, quality of work like, profits / |
| Statement of responsibility, etc | by Wayne F. Cascio [and] Ranjeet Nambudiri |
| 250 ## - EDITION STATEMENT | |
| Edition statement | 3rd ed |
| 260 ## - PUBLICATION, DISTRIBUTION, ETC. (IMPRINT) | |
| Place of publication, distribution, etc | New Delhi |
| Name of publisher, distributor, etc | Tata McGraw Hill Education |
| Date of publication, distribution, etc | 2010 |
| 270 ## - ADDRESS | |
| Address | 7 West Patel Nagar, |
| City | New Delhi |
| Postal code | 110008 |
| 300 ## - PHYSICAL DESCRIPTION | |
| Extent | xixx, 698p. |
| Other physical details | ill. |
| Dimensions | 24cm, (pbk) |
| 500 ## - GENERAL NOTE | |
| General note | includes index |
| 700 ## - ADDED ENTRY--PERSONAL NAME | |
| Personal name | Nambudiri, Ranjeet |
| 9 (RLIN) | 1302 |
| 942 ## - ADDED ENTRY ELEMENTS (KOHA) | |
| Source of classification or shelving scheme | Dewey Decimal Classification |
| Item type | English Books |
| Call number suffix | CAS |
| Classification part | 658.3 |
| Withdrawn status | Lost status | Not for loan | Collection code | Home library | Current library | Date acquired | Source of acquisition | Cost, normal purchase price | Full call number | Barcode | Copy number | Cost, replacement price | Koha item type |
|---|---|---|---|---|---|---|---|---|---|---|---|---|---|
| Not For Loan | Non-fiction | D.B.Act.Division | D.B.Act.Division | 24/07/2010 | DBAD/PUB | 485.00 | CAS | EN-80171 | 1 | 485.00 | English Books |
